000 00665nam a2200217 a 4500
001 BRCA_6359
005 20190321142932.0
008 230811s1950----gw-#######---#000-0#ger-#
041 _ager
044 _agw
050 4 _b.O24 1950
100 1 _aOberländer, Adolf
_915936
245 1 0 _aG`spaszige Hunde und andere putzige Vieher Tierlchnurren mit hunder Bildern
_cvon Adolf Oberländer; Gesammelt und herausgegeben von Rudolf Will.
260 _aLeipzig
_bWalther Fiedler
_c[1950]
300 _a92 p.
_bil., grabados
_c22 cm.
500 _aEstado físico:lomo roto
500 _aK149
700 1 _aWill, Rudolf
_eed.
_915937
902 _aGFM
942 _2lcc
_cB
999 _c6045
_d6045